| 000 | 00980cad a22002535a 4500 | ||
|---|---|---|---|
| 001 | L148003 | ||
| 008 | 090713s2009 xxk f v 000 0 eng d | ||
| 035 | _a(Sirsi) u148003 | ||
| 041 | 0 | _aeng | |
| 050 | 0 | 4 | _a346.4104342 $2 18 |
| 100 | 1 | _aCowan, Gary | |
| 245 | 0 | 0 |
_aPLA case study _ba landlord's remedies against a liquidator _h[electronic resource] |
| 260 |
_a[S.l.] _bPLA _c2009 |
||
| 490 | 0 | _aFalcon Chambers Case Study | |
| 520 | _aDiscusses a landlord's rights regarding enforcement of lease terms where a tenant company goes into liquidation, and a liquidator fails to respond to a notice asking him to decide whether to disclaim the lease. | ||
| 521 | _aAdvanced | ||
| 590 | _aKA | ||
| 650 | 2 | 4 | _aINSOLVENCY RULES 1986 |
| 651 | 4 |
_aUnited Kingdom _y |
|
| 690 |
_aLandlord and tenant _96252 |
||
| 710 | 1 | _aFalcon Chambers | |
| 856 | 4 | 0 |
_uhttps://www.pla.org.uk/library/martin_dray_case_study _zView the case study free of charge at www.pla.org.uk... |
| 942 | _n0 | ||
| 999 |
_c109836 _d109836 |
||